00000000nam 2200000zi 4500
0019.950469
003CaOODSP
00520250715142501
006m     o  d f      
007cr mn|||||||||
008250425s2025    onca    os   f000 0 eng d
020 |a9780660770338
040 |aCaOODSP|beng|erda|cCaOODSP
043 |an-cn---
045 |ay1y2
0861 |aHP40-387/2022E-PDF
24500|aCIPARS 2022 : |bkey findings : surveillance of antimicrobial use and resistance in Canadian grower-finisher pigs.
264 1|a[Ottawa] : |bPublic Health Agency of Canada = Agence de la santé publique du Canada, |c[2025]
300 |a1 online resource (1 page) : |bcolour illustrations
336 |atext|btxt|2rdacontent
337 |acomputer|bc|2rdamedia
338 |aonline resource|bcr|2rdacarrier
500 |aIssued also in French under title: PICRA 2022 : faits saillants : surveillance de l'utilisation et de la résistance aux antimicrobiens chez les porcs en croissance-finition au Canada.
500 |aThe publication file in PDF format has been replaced on 15 July 2025 as requested by the Public Health Agency of Canada.
650 0|aSwine|xDiseases|zCanada|xPrevention|vStatistics.
650 0|aAnti-infective agents in veterinary medicine|zCanada|vStatistics.
650 0|aDrug resistance in microorganisms|zCanada|vStatistics.
655 7|aStatistics|2lcgft
655 7|aInfographics|2lcgft
7102 |aPublic Health Agency of Canada, |eissuing body.
7101 |aCanada. |bHealth Canada, |eissuing body.
77508|tPICRA 2022 : |w(CaOODSP)9.950471
85640|qPDF|s511 KB|uhttps://publications.gc.ca/collections/collection_2025/aspc-phac/HP40-387-2022-eng.pdf